000 00581nam a2200181Ia 4500
008 100921s9999 xx 000 0 und d
082 _b11951
_a891.463 थ 74
100 _aकाकोडकर चंद्रकांत.
245 _aखानदान.
260 _bचंद्रकांत प्रकाशन,मुंबई.
_c1974
300 _a171
_b---
365 _b12
520 _aललित-कादंबरी.
630 _aखानदान.
650 _aललित-कादंबरी.
730 _aखानदान.
942 _cBOOK
999 _c761064
_d761061